000 00490cam a22001217a 4500
008 180718b1991 xxu||||| |||| 00| 0 eng d
082 _aAPPPA 90-91 SEN
100 _aSen, P.C.
245 _aMinistry: public enterprise interface an examination of issues and institutions with the background of the civil aviation sector during 1985-90
_cby P.C. Sen
260 _aNew Delhi
_bIndian Institute of Public Administration
_c1991
300 _a147p.
650 _aMinistry-public enterprise interface
999 _c501546
_d501546